Evaluation of agriculture’s economic role in EU Countries

Analýza postavenia poľnohospodárstva v ekonomike krajín EÚ. Poľnohospodárstvo EÚ je veľmi heterogénne. Charakterizuje sa pomocou podielu zamestnancov v poľnohospodárstve na celkovej zamestnanosti, podielu poľnohospodárstva na HDP a pridanej hodnoty v poľnohospodárstve na zamestnanca. Na účely kvanti...

ver descrição completa

Na minha lista:
Detalhes bibliográficos
Autor principal: Špirková, Daniela
Outros Autores: Stehlíková, Beáta, Zúbková, Mária, Ševela, Marcel, Stiglic, Dušan
Formato: Capítulo de Livro
Idioma:inglês
Assuntos:
Tags: Adicionar Tag
Sem tags, seja o primeiro a adicionar uma tag!

MARC

LEADER 00000naa a2200000 4500
001 0237072
005 20220805075506.7
041 0 |a eng 
044 |a SK 
245 1 0 |a Evaluation of agriculture’s economic role in EU Countries  |c Daniela Špirková, Beáta Stehlíková, Mária Zúbková, Marcel Ševela, Dušan Stiglic 
520 |a Analýza postavenia poľnohospodárstva v ekonomike krajín EÚ. Poľnohospodárstvo EÚ je veľmi heterogénne. Charakterizuje sa pomocou podielu zamestnancov v poľnohospodárstve na celkovej zamestnanosti, podielu poľnohospodárstva na HDP a pridanej hodnoty v poľnohospodárstve na zamestnanca. Na účely kvantifikácie ekonomickej významnosti poľnohospodárstva v danej krajine sú konštruované indexy AGRIT, resp. AGRI. Prínosom metódy je aj korektná kvantifikácia medzery medzi súčasným postavením poľnohospodárstva v danej krajine a požadovaným stavom. Pomocou zhlukovej analýzy sú identifikované skupiny krajín s podobným postavením poľnohospodárstva. 
610 2 0 |a Európska únia 
610 2 0 |a analýza zhluková 
610 2 0 |a poľnohospodárstvo 
610 2 0 |a zamestnanosť 
610 2 0 |a politika poľnohospodárska 
100 1 |a Špirková, Daniela 
700 1 |a Stehlíková, Beáta 
700 1 |a Zúbková, Mária 
700 1 |a Ševela, Marcel 
700 1 |a Stiglic, Dušan